| 000 | 01625nam0a2200325 4500 | ||
|---|---|---|---|
| 001 | RU\NLR\bibl\608580 | ||
| 005 | 20250610143647.0 | ||
| 010 |
_a5-7252-1095-7 _9500 |
||
| 021 |
_aRU _b2004-74449 _93672 |
||
| 035 | _a(NLR Aleph) 000600490 | ||
| 090 |
_a1768704 _c1768704 |
||
| 100 | _a20050210d2004 |||y0rusy50 ca | ||
| 101 | 0 | _arus | |
| 102 | _aRU | ||
| 105 | _ay ||||||||| | ||
| 200 | 1 |
_aМеханизмы встраивания российских регионов в экономику стран Северо-Восточной Азии в условиях глобализационных тенденций современного мирового хозяйства _fС.Н. Грибова _gМ-во образования Рос. Федерации, Байкал. гос. ун-т экономики и права |
|
| 210 |
_aИркутск _cИзд-во БГУЭП _d2004 |
||
| 215 |
_a133 с. _d21 |
||
| 320 | _aБиблиогр. в подстроч. примеч. | ||
| 607 |
_aРоссийская Федерация _xЭкономические взаимоотношения _yАзиатские страны _92155172 _3RU\NLR\auth\661297509 |
||
| 607 |
_aАзиатские страны _xЭкономические взаимоотношения _yРоссийская Федерация _92155174 _3RU\NLR\auth\661297510 |
||
| 686 | _aУ9(2)8(2Р) | ||
| 686 | _aУ9(5)89(2) | ||
| 700 | 1 |
_aГрибова _bС. Н. _gСветлана Николаевна _4070 |
|
| 801 | 0 |
_aRU _bNLR _c20050210 _gPSBO |
|
| 801 | 1 |
_aRU _bNLR _c20050210 |
|
| 942 | _cBOOK | ||
| 980 | _aNB | ||